Score 0/55 Timer 06:00
0 Plays Today
% Correct
Gandalf
91.7%
Frodo
91.5%
Baloo
90.4%
Aslan
89.3%
Snape
88.8%
Shere Khan
87%
Legolas
87%
Aragorn
86.4%
Bagheera
85.9%
Umbridge
85%
Quirrell
83.8%
Lockhart
83.7%
Boromir
83.6%
Gimli
82.7%
Lupin
82.2%
Kaa
80.6%
Moody
80.2%
Sam
78%
Pippin
77%
Tumnus
74.4%
Merry
74%
Puck
68.3%
Rikki-Tikki-Tavi
68%
Raksha
65.1%
Titania
64%
Carrow
61.5%
Akela
61.3%
Oberon
60.3%
% Correct
Reepicheep
58.8%
Violet
58.3%
Alex
55.9%
Puddleglum
54.6%
Tom
54.5%
Trumpkin
54%
Joe
53.5%
Hathi
51.1%
Frank
50.5%
Billy Pilgrim
48%
Sunny
46.2%
Klaus
45.2%
Tirian
43%
Noah
42.6%
Ruthie
41.9%
Cobweb
36.6%
Bree
35.5%
Al
34.5%
Georgie
34.3%
Pete
34%
Dim
30.5%
Moth
28.7%
Jewel
27.9%
Puzzle
27.2%
Rose of Sharon
22.6%
Shift
21.2%
Winfield
12.5%
Remove Ads.
Support Sporcle.
Get the best of Sporcle when you Go Orange. This ad-free experience offers more features, more stats, and more fun while also helping to support Sporcle. Thank you for becoming a member.

You're not logged in!

Compare scores with friends on all Sporcle quizzes.
OR
Log In

Show Comments

Extras

Top Quizzes Today


Score Distribution

Your Account Isn't Verified!

In order to create a playlist on Sporcle, you need to verify the email address you used during registration. Go to your Sporcle Settings to finish the process.

Report this User

Report this user for behavior that violates our Community Guidelines.

Details: